Score 0/30 Timer 06:00
14 Plays Today
% Correct
Spider-Man
95.2%
Iron Man
94.9%
Hulk
94.6%
Professor X
87.9%
Captain America
83.6%
Black Widow
81.9%
Phoenix
76.6%
Green Goblin
73.4%
Invisible Woman
71.3%
Human Torch
70.6%
Mister Fantastic
70.3%
Cyclops
68.7%
Hawkeye
66.7%
Beast
65.8%
Deadpool
64.7%
% Correct
Daredevil
60.5%
War Machine
58.2%
Shadowcat
57.8%
Thing
56.3%
Nightcrawler
51.5%
Iceman
50.3%
Punisher
50%
Storm
47.4%
Colossus
43.8%
Wolverine
43.8%
Sabretooth
41%
Rogue
37.6%
Magneto
35.7%
She-Hulk
33.5%
Silver Surfer
33%
Remove Ads.
Support Sporcle.
Get the best of Sporcle when you Go Orange. This ad-free experience offers more features, more stats, and more fun while also helping to support Sporcle. Thank you for becoming a member.

You're not logged in!

Compare scores with friends on all Sporcle quizzes.
OR
Log In

Show Comments

Extras

Top Quizzes Today


Score Distribution

Your Account Isn't Verified!

In order to create a playlist on Sporcle, you need to verify the email address you used during registration. Go to your Sporcle Settings to finish the process.

Report this User

Report this user for behavior that violates our Community Guidelines.

Details: